000 00490nam a2200145Ia 4500
003 OSt
005 20260130153115.0
008 211028s2018 xx 000 0 und d
040 _cAIMIT LIBRARY
041 _aeng
100 _aMonteiro, Vichelle May; Rose, Swapna.
_g1616215
_97967
245 _aEmpirical study on factors affecting job satisfaction among enployees of Mangalore cgwmical s and fertilixers limited Mangalore /
260 _aMangalore
_bHarinakshi.
_c2018
942 _2ddc
_cPRO
999 _c219535
_d219535